[Event "POL-chT 2st League"]
[Site "Mrzezyno"]
[Date "2010.09.06"]
[Round "3.53"]
[White "Grajdek, Jaroslaw"]
[Black "Krzywda, Andrzej"]
[Result "1/2-1/2"]
[WhiteElo "2018"]
[BlackElo "2159"]
[PlyCount "60"]
[EventDate "2010.09.04"]
[EventType "team-swiss"]
[EventRounds "9"]
[EventCountry "POL"]
[SourceTitle "EXT 2019"]
[Source "ChessBase"]
[SourceDate "2018.10.10"]
[SourceVersion "1"]
[SourceVersionDate "2018.10.10"]
[SourceQuality "1"]
[WhiteTeam "Prudnik LKS Zarzewie"]
[BlackTeam "Chroscice LZS Victoria"]
[WhiteTeamCountry "POL"]
[BlackTeamCountry "POL"]

1. e4 c5 2. Nf3 Nc6 3. d4 cxd4 4. Nxd4 Nf6 5. Nc3 d6 6. Be2 e6 7. 0-0 Be7 8. Kh1 a6 9. f4 Qc7 10. Nf3 b5 11. a3 Bb7 12. Bd3 0-0 13. Qe1 b4 14. axb4 Nxb4 15. Qg3 d5 16. e5 Ne4 17. Qe1 Rfc8 18. Nxe4 dxe4 19. Bxe4 Nxc2 20. Bxc2 Qxc2 21. Rf2 Qb3 22. Nd4 Qb6 23. Be3 Qb4 24. Qxb4 Bxb4 25. Rc2 Rxc2 26. Nxc2 Be7 27. Kg1 Bd5 28. Nd4 Kf8 29. Rc1 Ke8 30. Kf1 Rb8 1/2-1/2

[Event "POL-chT 2nd League"]
[Site "Ustron"]
[Date "2008.09.14"]
[Round "9.77"]
[White "Grajdek, Jaroslaw"]
[Black "Waruga, Wojciech"]
[Result "1/2-1/2"]
[WhiteElo "2092"]
[BlackElo "2017"]
[PlyCount "111"]
[EventDate "2008.09.06"]
[EventType "team-swiss"]
[EventRounds "9"]
[EventCountry "POL"]
[SourceTitle "EXT 2015"]
[Source "ChessBase"]
[SourceDate "2014.11.20"]
[SourceVersion "1"]
[SourceVersionDate "2014.11.20"]
[SourceQuality "1"]
[WhiteTeam "Prudnik LKS Zarzewie"]
[BlackTeam "Czerwionka Gornik 23"]
[WhiteTeamCountry "POL"]
[BlackTeamCountry "POL"]

1. e4 e6 2. f4 d5 3. e5 c5 4. Nf3 Qb6 5. d3 Ne7 6. Be2 h5 7. 0-0 Nf5 8. c3 Nc6 9. Na3 Bd7 10. Nc2 Rc8 11. Rb1 Be7 12. Ne3 g6 13. g3 f6 14. Nxf5 exf5 15. exf6 Bxf6 16. Be3 d4 17. Bf2 Be6 18. c4 Kf7 19. Qd2 Rce8 20. a3 Re7 21. b4 Rhe8 22. Rfe1 Bc8 23. b5 Nd8 24. Bf1 Qd6 25. Bg2 b6 26. a4 Bb7 27. a5 Rxe1+ 28. Rxe1 Rxe1+ 29. Qxe1 Qe6 30. Qxe6+ Kxe6 31. a6 Bxf3 32. Bxf3 Ke7 33. Be1 Kd6 34. h3 Ne6 35. Bd2 Nc7 36. Kg2 Be7 37. Bb7 Ke6 38. Kf3 Ne8 39. Bd5+ Kf6 40. Be1 Kg7 41. Be6 Kf6 42. Bd7 Nd6 43. Bf2 Bd8 44. g4 hxg4+ 45. hxg4 Ke7 46. Bc6 Kf7 47. Bd5+ Kg7 48. Be6 Kf8 49. gxf5 gxf5 50. Kg3 Kg7 51. Kh3 Kh6 52. Bg3 Kg6 53. Bd5 Ne8 54. Be6 Ng7 55. Bd7 Nh5 56. Be8+ 1/2-1/2

[Event "Zlota Wieze 50"]
[Site "Pultusk"]
[Date "2008.07.02"]
[Round "5.6"]
[White "Mielczarek, Daniel"]
[Black "Grajdek, Jaroslaw"]
[Result "1/2-1/2"]
[WhiteElo "1970"]
[BlackElo "2092"]
[PlyCount "57"]
[EventDate "2008.06.30"]
[EventType "team"]
[EventRounds "9"]
[EventCountry "POL"]
[SourceTitle "EXT 2020"]
[Source "ChessBase"]
[SourceDate "2019.10.17"]
[SourceVersion "1"]
[SourceVersionDate "2019.10.17"]
[SourceQuality "1"]

1. d4 Nf6 2. Nf3 e6 3. Bg5 d5 4. e3 Be7 5. Nbd2 Nbd7 6. Bd3 0-0 7. c3 h6 8. Bh4 b6 9. 0-0 Bb7 10. Ne5 Nxe5 11. dxe5 Nd7 12. Bxe7 Qxe7 13. f4 Nc5 14. Bc2 Ba6 15. Rf3 f6 16. exf6 Rxf6 17. Rg3 e5 18. Nf3 exf4 19. Qxd5+ Kh8 20. Qxa8+ Rf8 21. Qc6 fxg3 22. Qg6 Qxe3+ 23. Kh1 Bd3 24. Bxd3 Nxd3 25. hxg3 Nxb2 26. Re1 Qxc3 27. Re8 Rxe8 28. Qxe8+ Kh7 29. Ng5+ 1/2-1/2

[Event "POL-chT 2nd League"]
[Site "Wysowa"]
[Date "2005.09.03"]
[Round "8.17"]
[White "Matuszczyk, Przemyslaw"]
[Black "Grajdek, Jaroslaw"]
[Result "0-1"]
[WhiteElo "1952"]
[BlackElo "2055"]
[PlyCount "44"]
[EventDate "2005.08.27"]
[EventType "team-swiss"]
[EventRounds "9"]
[EventCountry "POL"]
[SourceTitle "EXT 2019"]
[Source "ChessBase"]
[SourceDate "2018.10.10"]
[SourceVersion "1"]
[SourceVersionDate "2018.10.10"]
[SourceQuality "1"]
[WhiteTeam "Rybnik MKSz"]
[BlackTeam "Prudnik LKS Zarzewie"]
[WhiteTeamCountry "POL"]
[BlackTeamCountry "POL"]

1. e4 e5 2. Nf3 d6 3. d4 Nd7 4. Nc3 c6 5. Be2 Ngf6 6. 0-0 h6 7. Re1 Be7 8. Bf1 0-0 9. Kh1 Re8 10. Ng1 Nf8 11. f4 exf4 12. Bxf4 Ng4 13. Qf3 Ng6 14. Bg3 h5 15. h3 h4 16. Bc4 Rf8 17. Bh2 Nxh2 18. Kxh2 Bg5 19. Nge2 Be6 20. Bd3 c5 21. b3 cxd4 22. Nxd4 Bf6 0-1

[Event "POL-chT 2nd League"]
[Site "Wysowa"]
[Date "2005.09.01"]
[Round "6.17"]
[White "Grajdek, Jaroslaw"]
[Black "Maciaga, Marcin"]
[Result "1-0"]
[WhiteElo "2055"]
[BlackElo "2239"]
[PlyCount "87"]
[EventDate "2005.08.27"]
[EventType "team-swiss"]
[EventRounds "9"]
[EventCountry "POL"]
[SourceTitle "EXT 2019"]
[Source "ChessBase"]
[SourceDate "2018.10.10"]
[SourceVersion "1"]
[SourceVersionDate "2018.10.10"]
[SourceQuality "1"]
[WhiteTeam "Prudnik LKS Zarzewie"]
[BlackTeam "Warszawa YMCA"]
[WhiteTeamCountry "POL"]
[BlackTeamCountry "POL"]

1. d4 e6 2. Nf3 b6 3. Bf4 Bb7 4. e3 Nf6 5. Nbd2 Be7 6. Bd3 d5 7. 0-0 0-0 8. Qe2 c5 9. c3 Nc6 10. Rad1 cxd4 11. exd4 a6 12. Rfe1 b5 13. a3 Na5 14. Ne5 Nc4 15. Nf1 Nxe5 16. dxe5 Nd7 17. Qg4 g6 18. Ng3 Re8 19. Bc1 Bf8 20. h4 Bg7 21. f4 h5 22. Nxh5 gxh5 23. Qxh5 Nf8 24. f5 exf5 25. Bxf5 Bc8 26. Bb1 Be6 27. Re3 Qb6 28. Kh1 Bc8 29. Rg3 Re6 30. Bf5 Rc6 31. e6 Rxe6 32. Bxe6 Qxe6 33. Bh6 Ng6 34. Bxg7 Kxg7 35. Qg5 Bb7 36. h5 Qe2 37. Rd4 Rh8 38. Rh4 d4 39. h6+ Kf8 40. Rxd4 Qf1+ 41. Kh2 Kg8 42. Rf4 Qd1 43. Rxf7 Be4 44. Rg7+ 1-0

[Event "POL-chT 2nd League"]
[Site "Wysowa"]
[Date "2005.08.28"]
[Round "2.41"]
[White "Grajdek, Jaroslaw"]
[Black "Piskorz, Henryk"]
[Result "0-1"]
[WhiteElo "2055"]
[BlackElo "2130"]
[PlyCount "70"]
[EventDate "2005.08.27"]
[EventType "team-swiss"]
[EventRounds "9"]
[EventCountry "POL"]
[SourceTitle "EXT 2019"]
[Source "ChessBase"]
[SourceDate "2018.10.10"]
[SourceVersion "1"]
[SourceVersionDate "2018.10.10"]
[SourceQuality "1"]
[WhiteTeam "Prudnik LKS Zarzewie"]
[BlackTeam "Krakow TKKF Drogowiec"]
[WhiteTeamCountry "POL"]
[BlackTeamCountry "POL"]

1. d4 d5 2. Nf3 c6 3. c4 e6 4. Nc3 f5 5. g3 Nf6 6. Bg2 Bd6 7. Bf4 0-0 8. c5 Bc7 9. 0-0 Nbd7 10. b4 a6 11. a4 Ne4 12. Qc1 h6 13. Bxc7 Qxc7 14. h4 e5 15. e3 f4 16. Nxe4 dxe4 17. Nxe5 Nxe5 18. dxe5 f3 19. Qc4+ Kh8 20. Qxe4 fxg2 21. Kxg2 Be6 22. f3 Rad8 23. Rad1 Rxd1 24. Rxd1 Bd5 25. Rxd5 cxd5 26. Qxd5 Re8 27. Qd6 Qc6 28. a5 Qb5 29. Qd2 Rxe5 30. e4 Re7 31. h5 Qe8 32. g4 Rd7 33. Qc3 Qd8 34. Kg3 Rd3 35. Qc4 Qc7+ 0-1

[Event "POL-chT 2nd League"]
[Site "Wysowa"]
[Date "2005.08.27"]
[Round "1.53"]
[White "Szuminski, Marek"]
[Black "Grajdek, Jaroslaw"]
[Result "0-1"]
[WhiteElo "2117"]
[BlackElo "2055"]
[PlyCount "76"]
[EventDate "2005.08.27"]
[EventType "team-swiss"]
[EventRounds "9"]
[EventCountry "POL"]
[SourceTitle "EXT 2019"]
[Source "ChessBase"]
[SourceDate "2018.10.10"]
[SourceVersion "1"]
[SourceVersionDate "2018.10.10"]
[SourceQuality "1"]
[WhiteTeam "Poznan Lech"]
[BlackTeam "Prudnik LKS Zarzewie"]
[WhiteTeamCountry "POL"]
[BlackTeamCountry "POL"]

1. d4 Nf6 2. c4 e6 3. Nc3 d5 4. Bg5 c6 5. e3 h6 6. Bh4 Be7 7. Nf3 Nbd7 8. Qc2 0-0 9. Bd3 dxc4 10. Bxc4 b5 11. Be2 a6 12. 0-0 c5 13. dxc5 Bxc5 14. Ne4 Be7 15. Rfd1 Qb6 16. Nxf6+ Bxf6 17. Bg3 e5 18. Rd2 Re8 19. Rad1 Nf8 20. Rd6 Qa5 21. a3 Bb7 22. h3 Rac8 23. Qf5 Ng6 24. Rd7 Rc7 25. b4 Qb6 26. R7d6 Rc6 27. R6d2 Rc3 28. Rd6 Qc7 29. h4 Rxa3 30. h5 Ne7 31. Qg4 Bc8 32. Rd7 Bxd7 33. Rxd7 Qc2 34. Nxe5 Qf5 35. Rxe7 Qb1+ 36. Kh2 Bxe7 37. Qd7 Kf8 38. Bh4 Qxb4 0-1